000 00564nam a2200229Ia 4500
003 OSt
005 20220918201303.0
006 a|||||r|||| 00| 0
007 ta
008 220917b |||||||| |||| 00| 0 eng d
024 _a92,888
037 _cTextual
040 _aARTS
_cARTS
_beng
041 _2eng
_aeng
082 _aV2k, G0.2,3
100 _aBuhler G ed
_997938
245 0 _aEncyclopedia of Indo-Aryan research
260 _c1930
650 _aHISTORY
942 _hV2k, G0.2,3
_cTEXL
_2CC
999 _c216536
_d216536